000 00555nam a2200217 a 4500
999 _c4708
_d4708
001 4708
003 BD-JhCC
005 20171130123208.0
008 171130s1967 p |||| || | 001 0 eng d
035 _a(BD-JhCC)4708
040 _aBD-JhCC
_dBD-JhCC
041 _aeng
082 _a297.09
_bIMA 1967
100 _aImamuddin, S. M.
245 _aPolitical History of The Muslims /
_c S. M. Imamuddin,
260 _aDacca :
_bNajmah and Sons Ltd,
_c1967
300 _a288 p. :
_c20 cm.
650 _aIslamic Empire
942 _2ddc
_cBK